Chemistry of clays and clay minerals

Αποθηκεύτηκε σε:
Λεπτομέρειες βιβλιογραφικής εγγραφής
Άλλοι συγγραφείς: Newman, A. C. D. (Επιμελητής έκδοσης)
Μορφή: Βιβλίο
Γλώσσα:English
Δημοσίευση: Harlow : Longman, 1987
Σειρά:Mineralogical Society monograph ; ; 6
Θέματα:
Ετικέτες: Προσθήκη ετικέτας
Δεν υπάρχουν, Καταχωρήστε ετικέτα πρώτοι!

MARC

LEADER 00000nam a2200000 i 4500
001 1/86262
008 961216s1987 eng d
020 |a 0-582-30114-9 
035 |l 10006459 
040 |a GR-MY-UA  |b gre  |e aacr 
041 0 |a eng 
082 0 |a 549.67 
245 1 0 |a Chemistry of clays and clay minerals /  |c Edited by A. C. D. Newman 
260 |a Harlow :   |b Longman,   |c 1987 
300 |a 480 p. 
490 1 |a Mineralogical Society monograph  |v ; 6 
504 |a Includes bibliographical references and index 
650 0 0 |a Clay minerals. 
650 0 0 |a Clay. 
650 0 0 |a Mineralogical chemistry. 
700 1 |a Newman, A. C. D.  |4 edt 
830 0 |a Mineralogical Society monograph ;  |v ; 6 
852 |a INST  |b LESVOS  |e 19961216  |h 549.67 CHE  |p 005100008768  |q 005100008768  |t BK  |y 0 
909 |a Λ  |b 009415